| 000 | 00526pab a2200193 454500 | ||
|---|---|---|---|
| 008 | 180718b1976 xxu||||| |||| 00| 0 eng d | ||
| 100 | _aHaragopal, G. | ||
| 245 | _aSome aspects of morale in the rank and file of Indian bureaucracy | ||
| 260 | _c1976 | ||
| 300 | _ap.705-729. | ||
| 362 | _aOct-Dec | ||
| 650 | _aMorale concepts - India | ||
| 650 | _aBureaucracy - India | ||
| 650 | _aBureaucracy | ||
| 700 | _aManohar, K. Murali | ||
| 773 | _aIndian Journal of Public Administration | ||
| 908 | _aN | ||
| 909 | _a88186 | ||
| 999 |
_c88186 _d88186 |
||